000 00946nam a22002057a 4500
999 _c12550
_d12550
003 AR-CdUCM
008 190409b ||||| |||| 00| 0 spa d
040 _aMUNICIPALIDAD PROVINCIAL DEL CUSCO
_cBIBLIOTECA MUNICIPAL DEL CUSCO
082 _aC / 985.611 /
_bC97
100 _aCutimbo Hinojosa, Mario Daniel
_99179
245 _aCuatro quispicanchinos ilustres /
260 _aLima :
_bAndina,
_c2000.
300 _a162 páginas ;
_bIlustraciones,
_c21 cm.
505 _aContenido: Narciso Arestegui Susunaga, el primer novelista del Perú -- Francisca Zubiaga de Gamarra, la primera mujer que de hecho gobernó el Perú -- Mariano Santos Mateos, el valiente federatario de la victoria de Tarapacá -- Eduardo Astete Mendoza, con su valentía contribuyo para el existo de la campaña de zarumilla.
650 _aBiografías históricas
_96252
650 _aPerú
_935
650 _aCusco
_9772
942 _2ddc
_cLIBROS
945 _aacv
_d2019-04-09